000 00635cam a22002173a 4500
001 39257
003 PGUSA
005 20140828083855.0
008 120324s2012||||xxu|||||s|||||000 | eng d
040 _aPGUSA
_beng
042 _adc
100 1 _aEngels, Friedrich,
_d1820-1895
245 1 0 _aSocialism :
_bUtopian and Scientific
_h[electronic resource] /
_cFriedrich Engels
260 _bProject Gutenberg,
_c2012
506 _aPublic domain in the USA.
516 _aElectronic text
700 1 _aAveling, Edward,
_d1849-1898
830 0 _aProject Gutenberg
_v39257
856 4 0 _uhttp://www.gutenberg.org/ebooks/39257
942 _cEB
999 _c268510
_d268510